How Many Letters Until Uniqueness? - Countries - Statistics

General Stats
  • This quiz has been taken 223 times
  • The average score is 9 of 16
Answer Stats
Hint Explanation Answer % Correct
Qatar - 1
81%
Azerbaijan Afghanistan, Albania, Algeria, Andorra, Angola, Antigua and Barbuda, Argentina, Armenia, Australia 2
80%
Yemen - 1
76%
Bhutan Bahamas, Bahrain, Bangladesch, Barbados, Belarus, Belgium, Belize, Benin, Bolivia, Bosnia and Herzegovina, Botswana, Brazil, Brunei, Bulgaria, Burkina Faso, Burundi 2
72%
Thailand Taiwan, Tajikistan, Tanzania, Togo, Tonga, Trinidad and Tobago, Tunisia, Turkey, Turkmenistan, Tuvalu 2
66%
Latvia Laos 3
64%
Slovenia Slovakia 5
59%
Switzerland Sweden 3
57%
Mongolia Monaco, Montenegro 4
55%
Cambodia Cameroon 4
52%
Romania Republic of the Congo, Russia, Rwanda 2
51%
Grenada Greece 4
49%
Singapore Sierra Leone 3
46%
Bulgaria Burkina Faso, Burundi 3
42%
Norway North Korea, North Macedonia 4
41%
Malawi Malaysia 5
28%
No matching quizzes found
Score Distribution
Percent of People with Each Score
Percentile by Number Answered
Your Score History
You have not taken this quiz